Dopady trendů IS/ICT na organizace
Hlavné trendy v informačných a komunikačných technológiách. Dopady na užívateľské organizácie. Dopady trendov IS/ICT na dodávateľské organizácie. Postupný prechod od produktov k službám. Zdražovanie údržby softvéru a orientácia na outsourcing aplikácií. Dopady trendov na výuku na univerzitách a na v...
Enregistré dans:
| Auteur principal: | |
|---|---|
| Format: | Chapitre de livre |
| Langue: | tchèque |
| Sujets: | |
| Tags: |
Pas de tags, Soyez le premier à ajouter un tag!
|
MARC
| LEADER | 00000naa$a2200000$$$4500 | ||
|---|---|---|---|
| 001 | 0040105 | ||
| 005 | 20231106123237.5 | ||
| 041 | 0 | |a cze | |
| 044 | |a CZ | ||
| 245 | 1 | 0 | |a Dopady trendů IS/ICT na organizace |c Jiří Voříšek |
| 520 | |a Hlavné trendy v informačných a komunikačných technológiách. Dopady na užívateľské organizácie. Dopady trendov IS/ICT na dodávateľské organizácie. Postupný prechod od produktov k službám. Zdražovanie údržby softvéru a orientácia na outsourcing aplikácií. Dopady trendov na výuku na univerzitách a na využívanie technologických profesií. | ||
| 610 | 2 | 0 | |a technológie informačné |
| 610 | 2 | 0 | |a technológie komunikačné |
| 610 | 2 | 0 | |a systémy informačné |
| 610 | 2 | 0 | |a produkty |
| 610 | 2 | 0 | |a služby |
| 610 | 2 | 0 | |a outsourcing |
| 610 | 2 | 0 | |a riadenie procesné |
| 610 | 2 | 0 | |a dodávatelia |
| 610 | 2 | 0 | |a odberatelia |
| 610 | 2 | 0 | |a organizácie |
| 610 | 2 | 0 | |a kvalifikácia |
| 100 | 1 | |a Voříšek, Jiří | |